ՀՀ Գիտությունների ազգային ակադեմիայի հիմնարար գիտական գրադարան  =   Fundamental Scientific Library of NAS RA

Հայոց ցեղասպանությունը ցեղասպանագիտության հայեցակարգային համակարգում / (Record no. 4041)

MARC details
000 -LEADER
fixed length control field 01323nam a2200253 a 4500
003 - CONTROL NUMBER IDENTIFIER
control field AM-YEHGA
005 - DATE AND TIME OF LATEST TRANSACTION
control field 20260311101942.0
008 - FIXED-LENGTH DATA ELEMENTS--GENERAL INFORMATION
fixed length control field 030328s2002 ai r 000 0 arm d
020 ## - INTERNATIONAL STANDARD BOOK NUMBER
International Standard Book Number 9993023183
040 ## - CATALOGING SOURCE
Original cataloging agency AM-YeHGA
041 0# - LANGUAGE CODE
Language code of text/sound track or separate title arm
090 ## - LOCALLY ASSIGNED LC-TYPE CALL NUMBER (OCLC); LOCAL CALL NUMBER (RLIN)
-- 4077
100 1# - MAIN ENTRY--PERSONAL NAME
Personal name Հովհաննիսյան, Նիկոլայ Հովհաննեսի,
Dates associated with a name 1930-2024
9 (RLIN) 1278
245 10 - TITLE STATEMENT
Title Հայոց ցեղասպանությունը ցեղասպանագիտության հայեցակարգային համակարգում /
Statement of responsibility, etc. Ն.Հ. Հովհաննիսյան ; Խմբ.՝ Վ. Բայբուրդյան ; ՀՀ ԳԱԱ Արևելագիտ. ին-տ ; Տաթև գիտակրթ. համալիր.
260 ## - PUBLICATION, DISTRIBUTION, ETC.
Place of publication, distribution, etc. Երևան :
Name of publisher, distributor, etc. Զանգակ-97,
Date of publication, distribution, etc. 2002.
300 ## - PHYSICAL DESCRIPTION
Extent 30 էջ
650 14 - SUBJECT ADDED ENTRY--TOPICAL TERM
Topical term or geographic name entry element Հայոց ցեղասպանություն (1915-1923)
700 1# - ADDED ENTRY--PERSONAL NAME
Personal name Բայբուրդյան, Վահան Առաքելի,
Dates associated with a name 1933-2026
Relator term խմբ․
Relationship edt
9 (RLIN) 2896
710 2# - ADDED ENTRY--CORPORATE NAME
Corporate name or jurisdiction name as entry element ՀՀ Գիտությունների ազգային ակադեմիա
710 2# - ADDED ENTRY--CORPORATE NAME
Corporate name or jurisdiction name as entry element ՀՀ գիտությունների ազգային ակադեմիա :
Subordinate unit Արևելագիտության ինստիտուտ
9 (RLIN) 8626
710 2# - ADDED ENTRY--CORPORATE NAME
Corporate name or jurisdiction name as entry element Տաթև գիտակրթական համալիր
856 41 - ELECTRONIC LOCATION AND ACCESS
Uniform Resource Identifier <a href="https://arar.sci.am/dlibra/publication/349147/edition/321598/content">https://arar.sci.am/dlibra/publication/349147/edition/321598/content</a>
Link text Կարդալ առցանց
942 ## - ADDED ENTRY ELEMENTS (KOHA)
Source of classification or shelving scheme Universal Decimal Classification
Koha item type Գրքեր / Books
Holdings
Withdrawn status Lost status Source of classification or shelving scheme Damaged status Not for loan Collection Home library Current library Date acquired Total checkouts Full call number Barcode Date last seen Price effective from Koha item type Public note Cost, replacement price Copy number
    Universal Decimal Classification     General Fundamental Scientific Library Fundamental Scientific Library 21/12/2016   AII/87083 FL0065225 21/12/2016 21/12/2016 Գրքեր / Books 30 Days Loan    
    Universal Decimal Classification     General Fundamental Scientific Library Fundamental Scientific Library 21/12/2016   AII/87246 FL0065854 21/12/2016 21/12/2016 Գրքեր / Books 30 Days Loan 350.00  
    Universal Decimal Classification     General Fundamental Scientific Library Fundamental Scientific Library 21/12/2016   AII/87381 FL0207907 21/12/2016 21/12/2016 Գրքեր / Books 30 Days Loan   947.925''1915''


ՀՀ ԳԱԱ հիմնարար գիտական գրադարան
ՀՀ,Երևան 0019
Մարշալ Բաղրամյան 24/6
հեռախոս:(374-10) 52-47-50
Հետադարձ կապ

All site content, except where otherwise noted, is licensed under a
Creative Commons License